[Event "25th Troya Open 2017"]
[Site "Canakkale"]
[Date "2017.08.10"]
[Round "6.1"]
[White "Rasulov, Vugar"]
[Black "Baltaci, Ismail Tarik"]
[Result "1-0"]
[WhiteElo "2509"]
[BlackElo "1946"]
[Annotator "TA"]
[PlyCount "121"]
[EventCountry "TUR"]
[SourceTitle "playchess.com"]
[Source "ChessBase"]
[SourceQuality "1"]

{[%evp 15,121,0,3,-2,24,33,22,20,11,3,14,18,17,10,32,22,47,50,47,43,41,56,55,47,47,45,49,39,68,58,85,87,87,87,87,87,87,87,89,89,89,90,162,160,174,168,183,185,202,202,203,179,194,196,226,212,240,235,285,181,273,260,251,255,378,89,89,86,87,88,87,84,403,413,376,365,354,353,325,314,298,222,199,134,134,134,134,134,134,119,119,119,758,492,29976,29976,29978,29979,29980,29981,29981,29982,29982,29983,29983,29984,29993,29994]} 1. d4 Nf6 2. Nf3 g6 3. c4 Bg7 4. Nc3 O-O 5. e4 d6 6. Be2 Nbd7 {[%cal Bb8d7,Bd7c5,Bc5e4,Be4d6][%mdl 32]} 7. d5 e5 8. dxe6 fxe6 9. O-O {E93: King's Indian: Classical: Petrosian System with 7...Nbd7} (9. Bg5 h6 10. Bh4 e5 11. O-O a5 12. a3 g5 13. Bg3 Nc5 14. Nd2 a4 15. Re1 Be6 16. Qc2 Bf7 {0-1 (40) Sidorova,E (2157)-Safin,S (2528) Chennai 2004}) 9... Nc5 $146 ({Find the theoretical novelty and annotate with similar games:} 9... Qe7 10. Re1 h6 11. e5 dxe5 12. Bd3 g5 13. Nxe5 Nxe5 14. Rxe5 Ng4 15. Re2 Qd6 16. g3 Ne5 {½-½ (72) Roemling,S (2201)-Seibicke,R (2183) Germany 2005}) 10. e5 dxe5 11. Qxd8 {The position is equal.} Rxd8 12. Nxe5 Nfe4 (12... Nd5 $5 13. cxd5 Bxe5 $14) 13. Nxe4 Nxe4 14. f4 Nd6 (14... Ng5 $5) 15. Rd1 Nf7 16. Rxd8+ Nxd8 17. Bd2 $36 {[%mdl 2048] White has good play.} Nf7 18. Bc3 Nxe5 19. fxe5 Kf7 20. Bf3 Rb8 21. Rd1 Ke8 22. h4 c5 23. h5 Bd7 24. hxg6 hxg6 25. Be4 g5 26. Kf2 Ke7 27. Kg3 b6 28. Rh1 Be8 (28... Rg8 $16 {is a better defense.} 29. Kg4 Kd8) 29. Kg4 $18 Rd8 30. Kxg5 Bf7 31. g4 {[%cal Bg2g4,Bg4g5,Bg5g6][%mdl 32]} a5 32. Kf4 Rf8 33. Kg3 Rd8 34. g5 Be8 35. Kf4 a4 36. g6 Bd7 37. Ke3 ({Much less strong is} 37. Rh7 $6 Kf8 $18) 37... Be8 (37... Rh8 $142 38. Rxh8 Bxh8) 38. b4 axb3 39. axb3 b5 (39... Bd7 {might work better.} 40. Kf4 Rh8) 40. Kf4 $2 (40. b4 $18 {has better winning chances.}) 40... b4 $16 41. Be1 $1 {[%cal Re1h4] Threatens to win with Bh4+.} Rd4 {White must now prevent ...Bxg6.} 42. Bh4+ Kf8 43. Rf1 $1 {And now Bf2 would win.} Bh6+ $2 {[%mdl 8192]} (43... Bxg6 $16 {is more resistant.} 44. Kg5+ Bf7) 44. Kf3 $18 Kg8 {If Black can now play ...Bc6 this consolidates a bit.} 45. Bf2 Rxe4 46. Kxe4 Bxg6+ {[%mdl 4096] Endgame KRB-KB} 47. Kf3 Bc2 48. Bxc5 {Ke2 is the strong threat.} Bxb3 {[#]} 49. Bxb4 (49. Rh1 $1 $18 {[%cal Rh1h6]} Bg7 50. Rc1) 49... Bxc4 $16 50. Rg1+ Kf7 51. Ke4 Bd5+ 52. Kd4 Bg7 53. Rf1+ Kg6 $2 {[%mdl 8192] [#]} (53... Ke8 $16 54. Bd2 Bf8) 54. Bf8 $1 $18 Bxf8 (54... Bh8 $18 55. Rf4 Kh7) 55. Rxf8 {KR-KB. White mates.} Ba2 56. Rf6+ Kg7 57. Kc5 Bb3 58. Kd6 Bc4 59. Rxe6 Kf7 60. Rf6+ Ke8 61. e6 {Precision: White = 85%, Black = 37%.} 1-0

[Event "25th Troya Open 2017"]
[Site "Canakkale"]
[Date "2017.08.10"]
[Round "6.2"]
[White "Benidze, Davit"]
[Black "Savchenko, Boris"]
[Result "1/2-1/2"]
[WhiteElo "2476"]
[BlackElo "2602"]
[Annotator "TA"]
[PlyCount "90"]
[EventCountry "TUR"]
[SourceTitle "playchess.com"]
[Source "ChessBase"]
[SourceQuality "1"]

{[%evp 12,90,14,-24,0,-5,-3,-50,-49,-52,-43,-56,-48,-105,-113,-105,-114,-135,-134,-153,-169,-143,-149,-147,-141,-163,-138,-202,-182,-163,-166,-198,-188,-183,0,-126,0,-186,-95,-367,-231,-202,-83,-67,-71,-73,-47,-59,0,0,0,-23,-25,-22,-11,-11,-11,-11,-11,-12,-9,-12,-8,-7,0,-7,-7,-7,-7,-11,-7,-9,-12,-16,-9,-20,-19,-27,0,-27,-11]} 1. Nf3 c5 2. c4 Nc6 3. g3 g6 4. Bg2 Bg7 5. O-O e6 6. Nc3 Nge7 7. a3 d5 {A37: Symmetrical English vs ...g6: 4 Bg2 Bg7 5 Nf3} (7... O-O 8. Rb1 b6 9. b4 d6 10. Qb3 Rb8 11. d3 Bb7 12. Bd2 Nd4 13. Nxd4 cxd4 14. Ne4 h6 15. Be1 d5 16. cxd5 Nxd5 {0-1 (50) Yuffa,D (2534)-Bologan,V (2640) Sochi 2016}) 8. cxd5 (8. b4 $5) 8... exd5 9. d4 $146 ({Predecessor:} 9. Rb1 O-O 10. d3 b6 11. Bd2 d4 12. Ne4 h6 13. Bf4 Be6 14. Bd6 f5 15. Bxe7 Nxe7 16. Ned2 Rc8 17. Qc2 b5 {0-1 (56) Adamek,J (2382)-Jasny,S (2368) Czech Republic 2016}) 9... Nxd4 {Black is slightly better.} 10. Nxd4 cxd4 11. Na4 O-O 12. Bg5 ({White should try} 12. Nc5 $15) 12... h6 $17 13. Bxe7 Qxe7 14. Rc1 Bg4 15. Re1 Rac8 16. Rxc8 Rxc8 17. b4 b6 18. Bxd5 Qd7 19. Be4 {[#]} (19. Bb3 $17) 19... d3 $1 $36 {[%cal Rd3d2][%mdl 2048] Black is in control.} 20. Bxd3 Rc7 21. Qb3 Be6 {[%mdl 1024] Black has strong compensation.} 22. Qd1 Bg4 (22... Qc6 $19 23. Be4 Qd7) 23. Qb3 $17 Be6 (23... Bh3 $17 24. b5 Be6) 24. Qd1 $19 Qd5 (24... Qc6 $19 25. h4 Rd7) 25. e3 $2 {[%mdl 8192]} (25. e4 $17 Qd7 26. e5) 25... Qb3 {Strongly threatening ...Qxd1.} 26. Bb5 {[#]} Bf6 (26... Rc2 $1 $19 {and Black stays clearly on top. aiming for ...Qa2.} 27. Qb1 Qxb1 28. Rxb1 Ra2) 27. Qxb3 $17 Bxb3 28. Rb1 Ba2 29. Rd1 Kf8 (29... Be6 $15) 30. Rd2 Be6 {Black wants to play ...Rc1+.} 31. Nb2 Rc3 32. a4 Rb3 33. Nd3 Bc3 34. Rd1 Bg4 35. Rc1 Bf3 36. h3 h5 37. h4 Bd2 38. Ra1 ({Reject} 38. Rc8+ Kg7 $17) 38... Bxb4 39. Nxb4 Rxb4 $11 {[%mdl 4096] Endgame KRB-KRB} 40. Kf1 Ke7 41. Ke1 Kd6 42. Rc1 Bd5 43. Rd1 Kc5 44. Rc1+ Kd6 45. Rd1 Ke5 {Precision: White = 54%, Black = 61%.} 1/2-1/2

[Event "25th Troya Open 2017"]
[Site "Canakkale"]
[Date "2017.08.10"]
[Round "6.3"]
[White "Rahmanov, Shahriyar"]
[Black "Yerden, Huseyin Eren"]
[Result "1-0"]
[WhiteElo "2327"]
[BlackElo "1816"]
[Annotator "TA"]
[PlyCount "59"]
[EventCountry "TUR"]
[SourceTitle "playchess.com"]
[Source "ChessBase"]
[SourceQuality "1"]

{[%evp 23,59,30,30,20,6,0,30,28,47,42,68,57,73,46,100,101,97,89,131,131,152,155,147,112,155,122,444,466,568,568,528,550,1818,1629,29991,29992,29997,29998]} 1. d4 Nf6 2. Nf3 e6 3. c4 b6 4. a3 Bb7 5. Nc3 d5 6. cxd5 Nxd5 7. Qc2 c5 8. e4 Nxc3 9. bxc3 Nd7 10. Bd3 Rc8 {E12: Queen's Indian: Unusual White 4th moves, 4 a3, 4 Nc3 Bb7 5 a3 and 4 Nc3 Bb7} (10... Qc7 11. Bb2 cxd4 12. cxd4 Qxc2 13. Bxc2 Rc8 14. Bd3 Bd6 15. Ke2 Ke7 16. a4 Bb4 17. Rhb1 Rhd8 18. Bc1 a5 19. Bg5+ f6 20. Bd2 Bxd2 21. Nxd2 Rc3 22. Rc1 {½-½ (22) Mamedyarov,S (2800)-Eljanov,P (2739) Geneve 2017}) 11. Qe2 Qc7 12. O-O Be7 {LiveBook: 4 Games. White has an edge.} 13. e5 O-O 14. Ng5 Bxg5 $146 ({Predecessor:} 14... h6 15. Nh3 cxd4 16. cxd4 Rfd8 17. Be3 Nf8 18. Qg4 f5 19. exf6 Bxf6 20. Rfd1 Qf7 {½-½ (31) Cade,S (2073)-Boychuk,T (2190) IECG email 2004}) 15. Bxg5 {[%cal Bc1g5,Bg5e7,Be7d6][%mdl 32]} h6 {[#] Hoping for ...Qc6.} 16. Be7 Rfe8 17. Bd6 Qd8 $1 18. Bb5 Bc6 (18... cxd4 $14 19. cxd4 a6 20. Bxa6 Bxa6 21. Qxa6 Nf6) 19. Ba6 $36 {[%mdl 2048] White is really pushing.} Ra8 20. Rad1 cxd4 21. Rxd4 f5 22. exf6 Qxf6 23. f4 Rad8 24. Rfd1 {And now Bc7 would win.} Kh8 $2 {[%mdl 8192]} (24... Nf8 $16 {is tougher.} 25. Bd3 Rd7) 25. Bc7 $18 Ra8 26. Rxd7 Bxd7 27. Rxd7 Rg8 28. Be5 Qg6 29. Bd3 Qe8 {[#]} 30. Qe4 $1 {[%mdl 512] Precision: White = 51%, Black = 23%.} 1-0

[Event "25th Troya Open 2017"]
[Site "Canakkale"]
[Date "2017.08.10"]
[Round "6.4"]
[White "Tasan, Mehmet Askin"]
[Black "Aliyev, Elnur"]
[Result "0-1"]
[WhiteElo "1957"]
[BlackElo "2150"]
[Annotator "TA"]
[PlyCount "44"]
[EventCountry "TUR"]
[SourceTitle "playchess.com"]
[Source "ChessBase"]
[SourceQuality "1"]

{[%evp 13,44,14,20,-56,-35,-16,-4,-59,-54,-67,-54,-77,-70,-68,-73,-82,-51,-58,-50,-50,-50,-89,-90,-143,-141,-164,-162,-309,-268,-468,-466,-720,-710]} 1. d4 Nf6 2. Nf3 e6 3. c4 c5 4. g3 cxd4 5. Nxd4 Qb6 6. Nc3 Nc6 7. e3 {A33: Symmetrical English: 2 Nf3 Nf6 3 d4 cxd4 4 Nxd4 e6 5 Nc3 Nc6} (7. Ndb5 Ne5 8. Bg2 a6 9. Na3 Bxa3 10. bxa3 Nxc4 11. O-O Qc5 12. Na4 Qb5 13. Nc3 Qc5 14. Na4 Qb5 15. Nc3 {½-½ (15) Grischuk,A (2750)-Svidler,P (2755) Moscow 2017}) 7... Bb4 {LiveBook: 16 Games} 8. Ndb5 ({White should play} 8. Bg2 $11) 8... O-O (8... a6 $5 {[%cal Ra6b5]} 9. Nd4 O-O $15) 9. a3 {Black is slightly better.} Be7 10. b4 $146 ({Better is} 10. Bg2 $11) ({Find the theoretical novelty and annotate with similar games:} 10. Na4 Qd8 11. Nd6 Bxd6 12. Qxd6 Ne4 13. Qd1 d5 14. Bg2 Ne5 15. cxd5 exd5 {0-1 (32) Konnov,O (2325)-Karpeshov,O (2415) Omsk 2004}) 10... d5 $15 {aiming for ...dxc4.} 11. c5 Qd8 12. Nd4 e5 13. Nxc6 bxc6 14. Bg2 e4 15. Ne2 Ng4 (15... a5 $5 {[%cal Ra5b4]} 16. Nd4 Qc7 $15) 16. Bb2 Bf6 17. Qc2 Ba6 18. Rd1 (18. O-O $142) 18... Bd3 $17 19. Qd2 a5 {Hoping for ...axb4.} 20. Nd4 (20. O-O $142) 20... axb4 21. axb4 $2 {[#]} (21. Nxc6 Bxb2 22. Nxd8) 21... Ra2 $19 22. Bf1 (22. Ra1 $142 Qa8 23. Rxa2 Qxa2 24. b5) 22... Ne5 {Precision: White = 19%, Black = 73%.} 0-1

[Event "25th Troya Open 2017"]
[Site "Canakkale"]
[Date "2017.08.10"]
[Round "6.5"]
[White "Sevgi, Volkan"]
[Black "Kuruz, Yusuf"]
[Result "1-0"]
[WhiteElo "2213"]
[BlackElo "1903"]
[Annotator "TA"]
[PlyCount "55"]
[EventCountry "TUR"]
[SourceTitle "playchess.com"]
[Source "ChessBase"]
[SourceQuality "1"]

{[%evp 10,55,15,-41,21,-61,-59,-50,-49,-59,-53,-47,-47,-47,-47,-51,-35,-60,-22,-25,-17,-22,-16,-19,-11,-12,-12,-33,-33,-23,102,77,95,77,118,118,130,103,108,115,516,481,806,657,919,844,1113,1103]} 1. e4 c5 2. Nc3 Nc6 3. g3 e6 4. Bg2 Nf6 5. d3 d5 {[%cal Bd7d5,Bd5d4][%mdl 32]} 6. Bg5 ({Better is} 6. exd5 $11 exd5 7. Nge2) 6... Be7 {B24: Closed Sicilian: 3 g3 sidelines} (6... d4 $15 7. Nb1 e5) 7. Nge2 (7. Bxf6 $11 Bxf6 8. exd5 Bxc3+ 9. bxc3 exd5 10. Ne2) 7... d4 $15 8. Nb1 e5 {Black is slightly better.} 9. O-O O-O 10. Nd2 Be6 $146 ({Predecessor:} 10... Ne8 11. Bxe7 Qxe7 12. a4 Nd6 13. f4 f6 14. h3 Be6 15. f5 Bf7 16. g4 c4 17. Nf3 Nb4 {0-1 (30) Tominga,A (1838)-Neiksans,A (2631) Tallinn 2016}) 11. Bxf6 Bxf6 12. f4 Bg4 13. h3 Bxe2 (13... Be6 {is interesting.} 14. fxe5 Nxe5 15. Nf4 Re8 16. Nf3 Qd6) 14. Qxe2 Qe7 15. a4 b6 16. h4 Rac8 17. h5 h6 18. Rf2 (18. Bh3 $5 {[%cal Rh3c8]}) 18... Rc7 19. Bh3 g5 {[#]} (19... a6 $11 {keeps the balance.}) 20. hxg6 $1 $16 fxg6 21. Raf1 Kg7 22. Nc4 Rf7 23. Qg4 h5 24. Qe2 Qf8 $2 {[%mdl 8192] [#]} (24... Kg8 $16) 25. Be6 $18 {White is clearly winning.} exf4 (25... Rfe7 $142 26. fxe5 Rxe6 27. exf6+ Kg8) 26. Rxf4 Qd8 27. Bxf7 Rxf7 28. e5 {Precision: White = 53%, Black = 18%.} 1-0

[Event "25th Troya Open 2017"]
[Site "Canakkale"]
[Date "2017.08.10"]
[Round "6.6"]
[White "Alaz, Ahmet Efekan"]
[Black "Karaahmetoglu, Ege"]
[Result "1/2-1/2"]
[WhiteElo "2048"]
[BlackElo "2086"]
[Annotator "NA RC"]
[PlyCount "95"]
[EventCountry "TUR"]
[SourceTitle "playchess.com"]
[Source "ChessBase"]
[SourceQuality "1"]
[TimeControl "5400+30"]

{[%evp 8,95,8,0,17,15,35,16,18,9,12,5,16,11,16,8,11,0,6,-9,17,16,22,0,3,0,20,4,14,15,18,0,3,-22,-11,-7,15,13,33,21,38,0,0,-22,29,-22,30,32767,32767,32767,32767,32767,8,0,59,32767,32767,32767,32767,38,59,41,43,45,40,29,36,0,0,0,0,0,32767,32767,32767,32767,-17,-18,-18,-25,-31,-62,32767,32767,9,0,0,0,0,0]} 1. d4 {[%emt 0:00:30]} Nf6 {[%emt 0:01:00]} 2. Bg5 {[%emt 0:00:30]} d5 {[%emt 0:02:30]} 3. Bxf6 {[%emt 0:01:30]} exf6 {[%emt 0:01:30]} 4. e3 {[%emt 0:00:30]} c6 {[%emt 0:01:30]} 5. c4 {[%emt 0:01:30]} Bb4+ {[%emt 0:01:30]} 6. Nc3 {[%emt 0:00:30] D00: 1 d4 d5: Unusual lines} Qa5 {[%emt 0:01:30] LiveBook: 3 Games} 7. Qb3 {[%emt 0:01:30]} (7. Qc1 O-O 8. cxd5 cxd5 9. Nge2 Be6 10. a3 Bd6 11. g3 Nd7 12. Bg2 Rac8 13. O-O f5 14. Qe1 Qa6 15. Qd2 {½-½ (15) Lokander,M (2309)-Musaev,R (2281) Olomouc 2014}) 7... dxc4 {[%emt 0:04:30]} 8. Bxc4 {[%emt 0:00:30]} O-O {[%emt 0:00:00]} 9. Nf3 {[%emt 0:02:30]} Nd7 $146 {[%emt 0:15:00]} ({Predecessor:} 9... b5 10. Be2 Be6 11. Qc2 Nd7 12. O-O Bxc3 13. Qxc3 Qxc3 14. bxc3 {½-½ (37) Balogh,D (2098)-Szurovszky,E (2064) Puspokladany 2014}) 10. O-O {[%emt 0:03:30]} Nb6 {[%emt 0:09:30]} 11. Bd3 {[%emt 0:01:30]} Be6 {[%emt 0:05:30]} 12. Qc2 {[%emt 0:00:30]} g6 {[%emt 0:02:30]} 13. Ne4 {[%emt 0:08:30]} (13. a3 $5 {[%cal Ra3b4]} Be7 14. Rfc1 $11) 13... Nd5 {[%emt 0:00:30]} 14. a3 {[%emt 0:01:30]} Be7 {[%emt 0:00:30]} 15. b4 {[%emt 0:00:30]} Qc7 {[%emt 0:03:30]} 16. Nc5 {[%emt 0:01:30]} f5 {[%emt 0:03:30]} 17. Rab1 {[%emt 0:15:30]} Bd6 {[%emt 0:04:30]} 18. Rfc1 {[%emt 0:07:30]} Rfc8 {[%emt 0:02:30]} 19. Qe2 {[%emt 0:08:30]} Qe7 {[%emt 0:03:30]} 20. Rb2 {[%emt 0:15:30]} Rc7 {[%emt 0:03:30]} 21. Nd2 {[%emt 0:02:30]} Re8 {[%emt 0:10:30]} 22. Nc4 {[%emt 0:02:30]} Bc8 {[%emt 0:00:30]} 23. Rbc2 {[%emt 0:02:30]} b6 {[%emt 0:04:11]} 24. Nxd6 {[%emt 0:07:29]} Qxd6 {[%emt 0:00:16]} 25. Nb3 {[%emt 0:03:05]} Bb7 {[%emt 0:03:17]} (25... Nf4 $5 26. Qf1 Nxd3 27. Qxd3 Be6 $11) 26. Bc4 {[%emt 0:01:23]} Ree7 {[%emt 0:00:43]} (26... Rce7 $5 {[%cal Rf5f4]}) 27. Bxd5 {[%emt 0:03:02]} Qxd5 {[%emt 0:00:30]} 28. Qc4 {[%emt 0:00:30]} Qxc4 {[%emt 0:00:30]} 29. Rxc4 {[%emt 0:00:30]} Rcd7 {[%emt 0:00:30]} 30. R4c3 {[%emt 0:02:21]} Kg7 {[%emt 0:01:43]} (30... f4 $11) 31. f3 {[%emt 0:02:40]} f6 {[%emt 0:00:30]} 32. Kf2 {[%emt 0:00:30]} Kf7 {[%emt 0:00:37]} 33. a4 {[%emt 0:00:38]} Rd5 {[%emt 0:01:02]} 34. Re1 {[%emt 0:01:54]} Rd8 {[%emt 0:00:46]} 35. g3 {[%emt 0:00:30]} h6 {[%emt 0:00:32]} 36. h4 {[%emt 0:00:56]} g5 $14 {[%emt 0:01:42]} 37. hxg5 {[%emt 0:00:48]} hxg5 {[%emt 0:01:33]} 38. Rh1 {[%emt 0:00:39]} Kg6 {[%emt 0:00:34]} 39. Rcc1 {[%emt 0:00:26]} Ree8 {[%emt 0:00:32]} 40. Rh2 {[%emt 0:00:54]} Rh8 {[%emt 0:00:06]} 41. Rch1 {[%emt 0:00:00]} Rxh2+ {[%emt 0:01:13]} 42. Rxh2 {[%emt 0:00:00]} Bc8 {[%emt 0:00:11]} 43. Ke1 {[%emt 0:01:00]} Be6 {[%emt 0:00:14]} 44. Nd2 {[%emt 0:00:29]} Kg7 {[%emt 0:00:34]} 45. Ke2 {[%emt 0:00:22]} Rd5 {[%emt 0:00:26]} (45... c5 $5) 46. Kd3 {[%emt 0:00:30]} c5 {[%emt 0:02:07]} 47. bxc5 {[%emt 0:01:08]} bxc5 {[%emt 0:00:01]} 48. Nb1 {[%emt 0:00:12]} 1/2-1/2

[Event "25th Troya Open 2017"]
[Site "Canakkale"]
[Date "2017.08.10"]
[Round "6.7"]
[White "Rzayev, Askar Aliakbar"]
[Black "Tinarlioglu, Emre"]
[Result "1-0"]
[WhiteElo "2072"]
[BlackElo "1850"]
[Annotator "NA RC"]
[PlyCount "95"]
[EventCountry "TUR"]
[SourceTitle "playchess.com"]
[Source "ChessBase"]
[SourceQuality "1"]
[TimeControl "5400+30"]

{[%evp 14,84,46,28,55,50,64,78,85,37,166,182,182,154,170,164,165,31,63,-10,0,32767,32767,32767,32767,148,152,141,210,143,405,162,179,204,186,202,354,368,362,362,351,105,339,365,361,359,345,371,369,345,314,312,306,335,368,359,32767,32767,32767,32767,585,786,627,732,572,573,500,660,627,1203,877,1004,910]} 1. d4 {[%emt 0:04:30]} Nf6 {[%emt 0:01:00]} 2. Nf3 {[%emt 0:00:30]} c5 {[%emt 0:00:00]} 3. d5 {[%emt 0:00:00]} e6 {[%emt 0:00:00]} 4. c4 {[%emt 0:02:00]} exd5 {[%emt 0:00:00]} 5. cxd5 {[%emt 0:00:30]} d6 {[%emt 0:00:00]} 6. Nc3 {[%emt 0:00:00]} g6 {[%emt 0:00:00]} 7. Bf4 {[%emt 0:00:00]} Bg7 {[%emt 0:00:00]} 8. Qa4+ {[%emt 0:00:00]} Bd7 {[%emt 0:02:30]} 9. Qb3 {[%emt 0:00:00]} b5 {[%emt 0:06:30]} 10. Nxb5 {[%emt 0:05:30]} Qa5+ {[%emt 0:00:30] A61: Modern Benoni: Nf3 without early e4} 11. Nc3 {[%emt 0:00:00] LiveBook: 7 Games} Nxd5 {[%emt 0:01:30]} (11... c4 $14 12. Qxc4 Nxd5) 12. Qxd5 {[%emt 0:10:00]} Bxc3+ {[%emt 0:00:00] [#]} 13. Nd2 $1 {[%emt 0:01:30]} Bxd2+ {[%emt 0:17:00]} 14. Bxd2 {[%emt 0:00:30]} Qb6 {[%emt 0:00:30] [#]} 15. Bc3 {[%emt 0:01:30]} (15. Qxa8 $2 {loses.} Bc6 $19) (15. Qe4+ $1 $18 Kd8 16. Bc3 (16. Qxa8 Bc6 $17)) 15... O-O $1 {[%emt 0:08:30]} 16. O-O-O {[%emt 0:03:30]} (16. Qxa8 $2 {is the wrong capture.} Bc6 $19) (16. e3 $14) 16... Be6 $146 {[%emt 0:02:30]} ({Predecessor:} 16... Nc6 17. Qf3 Nb4 18. Kb1 {0-1 (34) Van der Vliet,F (2356)-Bezemer,A (2239) Netherlands 2000}) 17. Qxd6 {[%emt 0:01:30]} Qxd6 {[%emt 0:00:30]} 18. Rxd6 {[%emt 0:00:30]} Bxa2 {[%emt 0:00:00]} 19. e3 {[%emt 0:00:30]} a6 {[%emt 0:04:00]} 20. Be2 {[%emt 0:01:30]} Be6 {[%emt 0:03:30]} (20... Ra7 $16 {might work better.} 21. Kc2 Rd7) 21. Rhd1 {[%emt 0:01:30]} a5 $2 {[%emt 0:03:30]} (21... Ra7 $16 {keeps fighting.} 22. e4 Rc7) 22. Bf6 {[%emt 0:11:30]} (22. Rd8 $142) 22... Ra7 {[%emt 0:05:30] [#]} 23. Bb5 $1 {[%emt 0:05:30]} Rb7 {[%emt 0:01:30]} 24. Ba4 {[%emt 0:02:30]} Rb4 $2 {[%emt 0:00:30]} (24... Bb3) 25. Rd8 {[%emt 0:04:30]} Rc4+ {[%emt 0:08:30]} 26. Bc2 {[%emt 0:00:00]} Nc6 {[%emt 0:04:30]} 27. Rxf8+ {[%emt 0:01:00]} Kxf8 {[%emt 0:00:30] [#]} 28. b3 $1 {[%emt 0:00:00]} Rxc2+ {[%emt 0:09:30]} 29. Kxc2 {[%emt 0:00:00]} Nb4+ {[%emt 0:02:30]} 30. Kb2 {[%emt 0:00:30]} Nd5 {[%emt 0:00:30]} 31. Bd8 {[%emt 0:01:30]} f5 {[%emt 0:00:30]} 32. Bxa5 {[%emt 0:00:30]} Ke7 {[%emt 0:00:00]} 33. Bc3 {[%emt 0:00:30]} Kd6 {[%emt 0:01:03]} 34. Ra1 {[%emt 0:01:30]} Nxc3 {[%emt 0:00:57]} 35. Kxc3 {[%emt 0:00:00]} Bd5 {[%emt 0:00:00]} 36. f3 {[%emt 0:00:00]} g5 {[%emt 0:00:41]} 37. Ra6+ {[%emt 0:01:30]} Ke5 {[%emt 0:00:19]} 38. Ra5 {[%emt 0:00:00]} Kd6 {[%emt 0:00:36]} 39. b4 {[%emt 0:00:00]} cxb4+ {[%emt 0:00:42]} 40. Kxb4 {[%emt 0:00:00]} h5 {[%emt 0:00:47] [#]} 41. Kc3 {[%emt 0:00:00]} (41. Rxd5+ $142 $1 Kxd5 42. h3) 41... g4 {[%emt 0:01:48]} 42. Kd4 {[%emt 0:01:30]} Be6 $18 {[%emt 0:01:03]} 43. Ra6+ {[%emt 0:00:00]} Ke7 {[%emt 0:00:36]} 44. Ke5 {[%emt 0:00:00]} Bd7 {[%emt 0:00:11]} 45. Ra7 {[%emt 0:00:30]} h4 {[%emt 0:00:00]} 46. fxg4 {[%emt 0:00:00]} fxg4 {[%emt 0:00:03]} 47. Kf4 {[%emt 0:00:00]} h3 {[%emt 0:00:17]} 48. g3 {[%emt 0:00:30]} 1-0

[Event "25th Troya Open 2017"]
[Site "Canakkale"]
[Date "2017.08.10"]
[Round "6.8"]
[White "Grigoriev, Armen"]
[Black "Sahin, Handenur"]
[Result "0-1"]
[WhiteElo "2160"]
[BlackElo "1910"]
[Annotator "TA"]
[PlyCount "62"]
[EventCountry "TUR"]
[SourceTitle "playchess.com"]
[Source "ChessBase"]
[SourceQuality "1"]

{[%evp 9,61,-49,-65,-64,6,3,6,-1,18,12,35,28,148,130,140,116,131,71,71,81,89,82,86,3,9,-55,-64,-70,-62,-404,-411,-425,-420,-399,-429,-408,-413,-831,-813,-1877,-1859,-1531,-1069,-29990,-5727,-29993,-29994,-29996,-29997,-29997,-29998,-29998,-29999,-29999]} 1. c4 e5 2. g3 Nf6 3. Nf3 (3. Bg2 d5 4. cxd5 Nxd5 5. Nf3 Nc6 6. O-O Nb6 7. Nc3 Be7 8. Rb1 a5 9. d3 O-O 10. Be3 Be6 11. a3 Nd5 12. Nxd5 Bxd5 13. Rc1 a4 14. Qc2 Re8 15. Rfe1 f5 16. Bc5 Bf6 17. e4 fxe4 18. dxe4 Bb3 19. Qc3 Qd7 20. Bf1 Red8 21. Bc4+ Bxc4 22. Qxc4+ {1-0 (82) Karjakin,S (2781)-Vachier Lagrave,M (2796) Paris 2017}) 3... e4 4. Nd4 d5 5. cxd5 Qxd5 6. Nc2 {A20: English Opening: 1...e5} e3 (6... Nc6 $15) 7. f3 $11 exd2+ 8. Qxd2 {The position is equal.} Qe5 $146 ({Predecessor:} 8... Nc6 9. Nc3 Qa5 10. e4 Bd7 {½-½ (47) Carlstedt,J (2203)-Brandenburg,D (2431) Vlissingen 2008}) 9. Nc3 Bc5 10. Qg5 Qe7 (10... Qxg5 $11 {remains equal.} 11. Bxg5 Be6) 11. Qxg7 $16 Rg8 12. Qh6 Bf5 13. Ne3 (13. Be3 $142 $1) 13... Be6 14. Bd2 Rg6 15. Qf4 Nc6 16. Nc2 ({White should play} 16. O-O-O $1 $16) 16... O-O-O $36 {[%mdl 2048] Black is more active.} 17. Be3 (17. O-O-O $11) 17... Nd5 $1 $15 {[%cal Rd5f4]} 18. Nxd5 Rxd5 19. Bg2 $2 {[%mdl 8192] [#]} (19. Bxc5 $15 Qxc5 20. Rc1) 19... Bd6 $1 $19 {[%cal Rd6f4]} 20. Qa4 {and if f4 works, White does fine.} Ra5 21. Qe4 Re5 22. Qa4 Bf5 23. Nd4 (23. f4 $142 Ra5 24. Qc4 Bxc2 25. Bf2 Bb4+ 26. Kf1) 23... Nxd4 24. Bxd4 Rxe2+ 25. Kf1 Rge6 {( -> ...Re1+)} 26. Qd1 Bb4 (26... Bc5 $142 27. f4 {[#]} Re1+ $1 {[%mdl 512]} 28. Qxe1 Bd3+ 29. Qe2 Rxe2 30. Bh3+ Kb8 31. Be5 Rxh2+ 32. Ke1 Bb4+ 33. Kd1 Rxh1+ 34. Bf1 Rxf1#) 27. Bc3 Bc5 {Black mates.} 28. b4 {[#]} Re1+ $1 {[%mdl 512]} 29. Bxe1 {[#]} Rxe1+ $1 {[%mdl 512]} 30. Qxe1 Bd3+ 31. Qe2 Qxe2# {Precision: White = 33%, Black = 66%.} 0-1